[Event "Aragon-ch Primera"]
[Site "Spain"]
[Date "2009.??.??"]
[Round "4"]
[White "Carnicer, Enrique"]
[Black "Gayan Carceller, Miguel Angel"]
[Result "1-0"]
[WhiteElo "1623"]
[BlackElo "1878"]
[PlyCount "101"]
[EventDate "2009.??.??"]
[EventType "swiss"]
[EventRounds "9"]
[EventCountry "ESP"]
[SourceTitle "EXT 2013"]
[Source "ChessBase"]
[SourceDate "2012.11.22"]
[SourceVersion "1"]
[SourceVersionDate "2012.11.22"]
[SourceQuality "1"]

1. e4 c6 2. d3 d5 3. Nd2 Nd7 4. g3 Ngf6 5. Bg2 e6 6. Ngf3 Be7 7. 0-0 0-0 8. e5 Ne8 9. Re1 g6 10. Nf1 Ng7 11. h4 Nf5 12. Ne3 Kg7 13. Nxf5+ exf5 14. d4 Nb6 15. Bf4 h6 16. Qc1 Rh8 17. b3 Be6 18. Be3 a5 19. a4 Qc7 20. Bf4 Bb4 21. Re2 Be7 22. Re1 Qd8 23. Bf1 Bb4 24. Rd1 Bc3 25. Rb1 Bb4 26. Be2 Qf8 27. Kg2 Rc8 28. c3 Be7 29. Rh1 c5 30. c4 cxd4 31. Nxd4 dxc4 32. Nxe6+ fxe6 33. Bxc4 Nxc4 34. bxc4 Bb4 35. Be3 Qe8 36. Qd1 Rxc4 37. Qf3 Qc6 38. Qxc6 Rxc6 39. Rhd1 Rf8 40. Rd7+ Rf7 41. Bxh6+ Kg8 42. Rd8+ Kh7 43. Bg5 Rcc7 44. Bf6 Bf8 45. Rb5 Bg7 46. Bxg7 Kxg7 47. Rxa5 Rfd7 48. Rb8 Rd2 49. Raa8 Rcc2 50. Rxb7+ Kh6 51. Rh8# 1-0